Beyrouth architectures : aux sources de la modernité, 1920-1940 /

محفوظ في:

المؤلف الرئيسي: Saliba, Robert. (مؤلف)

التنسيق: كتاب

اللغة: French

منشور في: [Beirut] : Editions Dar an-Nahar : Editions Parenthèses, 2009.

الموضوعات:

الوسوم: إضافة وسم

لا توجد وسوم, كن أول من يضع وسما على هذه التسجيلة!

رقم الطلب: NA1476.7 .B4 S355 2009

LEADER 00702namaa2200217 4500
001 25302
003 OSt
005 20250903112933.0
008 130303s2009 le ab 000 0 fre d
020 |a 9789953742632 
040 |c ARCE Library 
043 |a a-le--- 
050 4 |a NA1476.7 .B4 S355 2009 
100 1 |a Saliba, Robert.  |e author 
245 1 0 |a Beyrouth architectures :   |b aux sources de la modernité, 1920-1940 /   |c Robert Saliba.  
264 1 |a [Beirut] :   |b Editions Dar an-Nahar :   |b Editions Parenthèses,   |c 2009. 
300 |a 173 pages :   |b illustrations (some color), maps ;   |c 28 cm. 
650 0 |a Architecture  |z Lebanon  |z Beirut  |x History.  
901 |a reviewed 
942 |c BK  |2 lcc 
999 |c 23733  |d 23733